| 000 | 00734cam a2200217 i 4500 | ||
|---|---|---|---|
| 005 | 20251108175239.0 | ||
| 008 | 250721s2014 jo gr 000 0 ara d | ||
| 020 | _a97899579380 | ||
| 082 | 1 | 4 |
_a027.8 _bش ب ر |
| 100 | 1 |
_aشبر، مي مكي _eمؤلف. |
|
| 245 | 1 | 2 |
_aالمكتبة المدرسية ودورها التربوي / _cمي شبر. |
| 250 | _aالطبعة الاولى. | ||
| 264 | 1 |
_aعمان : _bدار صفاء للنشر والتوزيع، _c2014. |
|
| 300 | _a272 صفحة. . | ||
| 650 | 1 | 7 | _aالمكتبة المدرسية. |
| 650 | 1 | 7 | _aالتعلم. |
| 650 | 1 | 7 | _aالتربية. |
| 650 | 1 | 7 | _aتكنولوجيا المعلومات. |
| 942 |
_2ddc _cBK |
||
| 999 |
_c129645 _d129645 |
||